Εισαγωγή στη θεωρία δικτύων

Αποθηκεύτηκε σε:
Λεπτομέρειες βιβλιογραφικής εγγραφής
Κύριος συγγραφέας: Κάλφα, Κορνηλία
Μορφή: Βιβλίο
Γλώσσα:Greek
Δημοσίευση: Θεσσαλονίκη : Ζήτη, 1994
Θέματα:
Ετικέτες: Προσθήκη ετικέτας
Δεν υπάρχουν, Καταχωρήστε ετικέτα πρώτοι!

MARC

LEADER 00000cam a2200000 i 4500
001 1/22341
008 011009s1994 gre d
020 |a 960-431-305-3 
035 |l 10067461 
040 |a GR-MY-UA  |b gre  |e aacr 
041 0 |a gre 
082 0 |a 511.324  |2 (21) 
100 1 |a Κάλφα, Κορνηλία. 
245 1 0 |a Εισαγωγή στη θεωρία δικτύων /  |c Κορνηλίας Κάλφα 
260 |a Θεσσαλονίκη :   |b Ζήτη,   |c 1994 
300 |a 141 σ.;  |c 24 εκ. 
500 |a Στο εξώφυλλο ημερομηνία έκδοσης 1995 
504 |a Περιέχει βιβλιογραφία και ευρετήριο 
650 0 0 |a Algebra, Boolean. 
650 0 0 |a Ideals (Algebra) 
650 0 0 |a Logic circuits. 
650 0 0 |a Lattice theory. 
852 |a INST  |b SYROS  |e 20011009  |h 511.324 ΚΑΛ  |p 005500000853  |q 005500000853  |t BK  |y 0 
901 |a BIBL5-2001-3 
909 |a Ε  |b 088530 
970 |a ΚΡΗΤΙΚΟΥ  |b ΘΩΜΑΙΣ  |z 2001/10/09